00325nam a2200145Ia 4500008004100000020001500041041000800056082001600064100002000080245001800100250000600118260003600124300000800160650001100168210716s1995 xx 000 0 und d a0373121008 aeng a808.83 MARS aMarton, Sandra. aEmerald fire. a1 aNew YorkbHarlequin Booksc1995 a184 aNovels